000 00673nam a2200169 4500
003 BD-RjUL
005 20221110130738.0
008 221110s1943 ii ||||| |||| 00| 0 ara d
035 _a(BD-RjUL)
040 _aBD-RjUL
_beng
_cBD-RjUL
041 _aara
082 _223
_a340.59
_bMAS 1943
100 _aMaḥbūbī, Ubayd Allāh ibn Masʻūd
_95789
245 1 0 _aشرح الوقاية. مع حاشية عمدة الرعاية # # Sharḥ al-wiqāyah. Maʻa ḥāshiyat ʻUmdat al-riʻāyah/
_cتحت ادارة محمد اسحاق الناظم., ʻUbayd Allāh ibn Masʻūd Maḥbūbī, ,
650 _aIslamic law Interpretation and construction
_95790
942 _2ddc
_cBK
999 _c80751
_d80751